000 00447nam a2200157 a 4500
001 000041848
005 20201002035805.0
008 131018s1997 sp 000 0 spa d
020 _a8483280159
040 _aDO-SdBNP
_bspa
_cBNPHU
082 _axxxxx
_bxxxxx
100 1 _aOrwell, George,
_d1903-1950
_95071
245 1 0 _aRebelión en la granja/ :
_bGeorge Orwell.
260 _aBarcelona :
_bEdiciones destino,
_c1997.
300 _a186 p. ;
_c18 cm.
999 _c41337
_d41337